00570nam a22001697a 450000500170000001000150001702000260003203500130005803700130007108200100008410000180009424501410011226000430025327000590029630000250035550000200038020150903110725.0 aENG-113450 c250.00a9789350355565 aEN-96982 bDBAD/PUB a005.8 aSeth, Karnika aProtection of children on internet :cby Karnika Seth ba guide book on best practices for online safety with a special focus on India / aDelhi bUniversal Law Publishingc2015 aA-58, G.T. Karnal Road Industrial Area,bDelhie110033 axxv,190p.c21cm(pbk) aIncludes index